Statistics for Answers Contain Mountain

Click here to take the quiz!

General Stats

  • This quiz has been taken 22,859 times
    (17,317 since last reset)
  • The average score is 11 of 20

Answer Stats

Clue Answer % Correct
World's tallest mountainMount Everest
96%
Has four Presidents on its faceMount Rushmore
95%
It destroyed PompeiiMount Vesuvius
83%
Home of the Greek godsMount Olympus
81%
Japan's highest mountainMount Fuji
77%
CougarMountain Lion
77%
Highest mountain in AfricaMount Kilimanjaro
75%
Sure-footed mammalMountain Goat
67%
Where Moses received the
Ten Commandments
Mount Sinai
55%
Cascade volcano that erupted in 1980Mount St. Helens
49%
Noah's ark landed hereMount Ararat
47%
Mordor mountainMount Doom
47%
Varieties include Code Red,
LiveWire, and Voltage
Mountain Dew
46%
George Washington's houseMount Vernon
41%
Civil War movie with Nicole KidmanCold Mountain
41%
Otherwise known as DenaliMount McKinley
40%
John Denver songRocky Mountain High
39%
"I wish I knew how to quit you"Brokeback Mountain
35%
Mountain synonymous with a
Jewish homeland
Mount Zion
21%
New Zealand peak known as AorakiMount Cook
17%

Score Distribution

Percentile by Number Answered

Percent of People with Each Score

Your Score History

You have not taken this quiz since the last reset